| 000 | 00619nam a2200205 a 4500 | ||
|---|---|---|---|
| 005 | 20140310183312.0 | ||
| 008 | 051017s19uu xx 00 eng d | ||
| 020 | _a9780789020871 | ||
| 050 |
_aG 155.A1 _b.T59185 2003 |
||
| 100 | _aWong, Kevin K.F. | ||
| 245 |
_aTourism forecasting and marketing / _cKevin K.F. Wong, Haiyan Song, editors. |
||
| 260 |
_aNew York : _bThe Haworth Hospitality Press, _c2003. |
||
| 300 |
_a150 p. : _c23 cm. |
||
| 521 | _aTOU | ||
| 650 |
_aTourism _xEconomic models. |
||
| 650 |
_aTourism _xForecasting. |
||
| 650 |
_aTourism _xMarketing.. |
||
| 942 |
_cBK _2lcc _kFOR |
||
| 999 |
_c21199 _d21199 |
||